Представление документа в формате MARC21

ПолеНазваниеЗначение
  Тип записи a
  Библиографический уровень m
001 Контрольный номер RU/URAIT/588221
005 Дата корректировки 20260429163624.5
008 Кодируемые данные 260429s2026 RU y f j 000 0 rus u
020 Индекс ISBN __
a ISBN 978-5-534-13508-4
c Цена, тираж 1389.00
040 Источник каталогиз. __
a Служба первич. каталог. ИКО Юрайт
c Служба, преобразующая запись ИКО Юрайт
e Правила каталог. RCR
041 Код языка издания __
a Код языка текста rus
044 Код страны публикации __
a Код страны публикации RU
080 Индекс УДК __
a Индекс УДК 008(075.8)
084 Индекс другой классификации/Индекс ББК __
2 Источник индекса rubbk
a Индекс другой классификации/Индекс ББК 71я73
100 Автор __
a Автор Шапинская Е. Н.
q Полное имя Шапинская Екатерина Николаевна
245 Заглавие __
a Заглавие Массовая культура
b Продолж. заглавия учебник для вузов
c Ответственность Е. Н. Шапинская.
250 Сведения об издании __
g испр. и доп
a Основные сведения об издании 2-е изд.
256 Характеристики компьютерного файла __
a Характеристики компьютерного файла Электрон. дан.
260 Выходные данные __
a Место издания Москва
b Издательство Юрайт
c Дата издания 2026
300 Физическое описание __
a Объем 249 с
440 Серия __
a Серия Высшее образование
500 Примечания __
a Примечание URL: https://urait.ru/bcode/588221 (дата обращения: 29.04.2026).
520 Аннотация __
a Аннотация В учебнике представлены теории и практики массовой культуры. В первом разделе рассмотрены различные теории массовой культуры в их историческом развитии, проведен анализ теоретических аспектов массмедиа и культуры повседневности. Во втором разделе раскрыты различные практики современной массовой культуры: массовые виды искусства, туризм, спорт, интернет как пространство массовой культуры. В третьем разделе характеризуется судьба высокого искусства в эпоху масскульта. Особое внимание уделяется трансформациям эстетических ценностей культурного наследия в современном ситискейпе, в играх с историей, в постмодернистских культурных формах, перенесению театральных жанров в пространство экранной культуры. Соответствует актуальным требованиям Федерального государственного образовательного стандарта высшего образования. Книга предназначена для студентов гуманитарных вузов.
538 Прим. о системных особенностях __
a Прим. о системных особенностях Режим доступа: Электронно-библиотечная система Юрайт, для авториз. пользователей
653 Ключевые слова __
a Ключевые слова Культура. Культурология
653 Ключевые слова __
a Ключевые слова Гуманитарные науки
653 Ключевые слова __
a Ключевые слова Массовая культура
856 Электронный адрес документа 40
n Местонахождение сервера Юрайт
g Электронная книга
q Тип электронного формата html
h Имя пользователя ЮРАЙТ
v Часы доступа к ресурсу 20271231
2 Способ доступа Показать документ
x Служебное примечание https://urait.ru/book/cover/5DF65769-2C5F-4B7D-B95B-4B10E1695382
u URL https://urait.ru/bcode/588221
856 Электронный адрес документа 48
q Тип электронного формата cover
u URL https://urait.ru/book/cover/5DF65769-2C5F-4B7D-B95B-4B10E1695382
911 __
u 0030=https://urait.ru/bcode/588221
911 __
u 073a=9785534135084
u 073d=1389.00
911 __
u 106a=s
911 __
u 900l=
952 Тип литературы __
i Дисциплина Массовая культура